000 00182nam a22000857a 4500
082 _a823
100 _aCBSE
245 _aSECONDARY SCHOOL CURRICULUM MAIN SUBJECTS
_bVOL 1 - 2
942 _cBK
999 _c8443
_d8443